000 00319 a2200145 4500
001 107148
041 _apor
090 _aComp 11 Lenovo prata
250 _a. ed.
300 _a1 laptop
040 _aBR-BrIDEA
_cBR-BrIDEA
245 1 0 _aLaptop 11 Lenovo prata Modelo
_b80GA.
260 _a[S.l.]
_c2015
942 _cDE
999 _c107148
_d107148